000 00182 a2200097 4500
020 _a9788489367876
041 _aspa
100 _aCronin justin
245 _aEl pasaje
942 _cBK
999 _c10949
_d10949